KOHA-Header-6

Case in Rural Marketing an Integrated approach (Record no. 8402)

000 -LEADER
fixed length control field 00265nam a2200109Ia 4500
020 ## - INTERNATIONAL STANDARD BOOK NUMBER
ISBN 978-8131701881
100 ## - MAIN ENTRY--AUTHOR NAME
Personal name Lalitha Ramakrishnan
245 #0 - TITLE STATEMENT
Title Case in Rural Marketing an Integrated approach
260 ## - PUBLICATION, DISTRIBUTION, ETC. (IMPRINT)
Place of publication USA
Name of publisher McGraw Hill
Year of publication 2001
300 ## - PHYSICAL DESCRIPTION
Number of Pages 624
942 ## - ADDED ENTRY ELEMENTS (KOHA)
Koha item type Books
Holdings
Withdrawn status Lost status Collection code Permanent Location Current Location Shelving location Date acquired Full call number Accession Number Koha item type
    Marketing MAJU MAJU   2019-09-14 658.404 3094 Marketing

Powered by Koha